00377nam a2200133Ia 4500008004100000041000800041082002500049100002600074245006500100260002800165300000800193365001600201710002600217230312s9999 xx 000 0 und d aeng a330.954b330.954 PRA aPrakash B.A. (Editor) aIndian Economy Since 1991bEconomic Performs And Performance c2009bPearson Education a598 cRs.b450.00 aPrakash B.A. (Editor)